<The> baby boom, the baby bust and the housing market.
Prehodnocovanie názoru Mankiwa a Weila o poklese cien bytov do r. 2007 o 47 perc. Posudzovanie vplyvu jednotlivých generácií na dopyt po bytoch a ceny bytov. Porovnávanie vzťahov rastu spotreby bytov v 70. rokoch a rastu príjmov, a s tým súvisiaceho relatívneho poklesu cien bytov.
Gespeichert in:
| 1. Verfasser: | |
|---|---|
| Format: | Buchkapitel |
| Sprache: | Englisch |
| Schlagworte: | |
| Tags: |
Keine Tags, Fügen Sie das erste Tag hinzu!
|
MARC
| LEADER | 00000naa a2200000 4500 | ||
|---|---|---|---|
| 001 | r008923 | ||
| 005 | 20221130103841.8 | ||
| 041 | 0 | |a eng | |
| 044 | |a NL | ||
| 245 | 1 | 0 | |a <The> baby boom, the baby bust and the housing market. |c B.W. Hamilton |
| 520 | |a Prehodnocovanie názoru Mankiwa a Weila o poklese cien bytov do r. 2007 o 47 perc. Posudzovanie vplyvu jednotlivých generácií na dopyt po bytoch a ceny bytov. Porovnávanie vzťahov rastu spotreby bytov v 70. rokoch a rastu príjmov, a s tým súvisiaceho relatívneho poklesu cien bytov. | ||
| 610 | 2 | 0 | |a byty |
| 610 | 2 | 0 | |a znižovanie cien |
| 610 | 2 | 0 | |a trh |
| 610 | 2 | 0 | |a 2007 |
| 610 | 2 | 0 | |a dopyt |
| 610 | 2 | 0 | |a príjmy |
| 610 | 2 | 0 | |a ceny |
| 610 | 2 | 0 | |a porovnanie štatistické |
| 610 | 2 | 0 | |a spotreba |
| 100 | 1 | |a Hamilton, B.W. | |